Music Quiz

Random Music or Clickable Quiz

Welcome to the Jungle (Clicky-oke) Quiz Stats

 Plays Quiz not verified by Sporcle

Challenge
Share
Tweet
Embed
Score 0/25 Timer 06:00
0 Plays Today
% Correct
We got fun n games
96.8%
We got your disease
89.6%
Whatever you may need
88%
Honey we know the names
85.7%
Shun-n-n-n-n-n-n-n-n-n-n-n-n knees knees
80%
Shun-n-n-n-n-n-n-n-n-n-n-n-n knees knees
77%
Welcome to the jungle
75.4%
Welcome to the jungle
74.9%
my, my, my serpentine
74%
Welcome to the jungle
73.7%
Shun-n-n-n-n-n-n-n-n-n-n-n-n knees knees
70.7%
You're in the jungle baby
67.5%
And you're a very sexy girl
65.9%
% Correct
In the jungle, welcome to the jungle
65%
You learn to live like an animal
61%
So down, so down, so down, yeah
60.8%
In the jungle, welcome to the jungle
59.9%
In the jungle, welcome to the jungle
58.1%
It's gonna bring you down. Huh!
54.6%
And when you're high you never
51.2%
You can taste the bright lights
50.9%
You can have anything you want
50.5%
If you've got a hunger for what you see
48.1%
If you want it you're gonna bleed
42.9%
Jungle, welcome to the jungle
36%

You're not logged in!

Compare scores with friends on all Sporcle quizzes.
Join for Free
OR
Log In

You Might Also Like...

Show Comments

Extras

Top Quizzes Today


Score Distribution

Your Account Isn't Verified!

In order to create a playlist on Sporcle, you need to verify the email address you used during registration. Go to your Sporcle Settings to finish the process.

Report this User

Report this user for behavior that violates our Community Guidelines.

Details: